Statistics for Depeche Mode Quiz

Click here to take the quiz!

General Stats

  • This quiz has been taken 301 times
  • The average score is 11 of 15

Answer Stats

QuestionAnswer% Correct
The name of their debut album.Speak and Spell
89%
Album from 1993: "Songs of Faith and ________".Devotion
86%
What year did Alan Wilder leave the band?1995
84%
Their best selling album.Violator
84%
The name of the town in Essex where the band come from.Basildon
77%
Which song was covered by both Marilyn Manson and Johnny Cash?Personal Jesus
77%
Which song won Best Single at the 1991 Brit Awards?Enjoy The Silence
76%
The name of their most recent album, released in 2017.Spirit
75%
The name of the documentary and live album featuring the above.101
74%
Album that features the songs "People Are People" and "Master And Servant".Some Great Reward
70%
Where did they perform their first stadium gig in 1988?Rose Bowl, Pasadena
63%
The name of the first single after Vince Clarke left the band.See You
63%
The name of the photographer responsible for album artwork and many of their videos since 1986.Anton Corbijn
59%
The name of the city where they recorded a trilogy of albums between 1983 and 1986.Berlin
56%
What do their fans call themselves?Devotees
48%

Score Distribution

Percentile by Number Answered

Percent of People with Each Score

Your Score History

You have not taken this quiz